|
|
|
|
| LEADER |
00000cam a2200000 a 4500 |
| 001 |
vtls001477188 |
| 003 |
SK-MaSNL |
| 005 |
20260301221941.0 |
| 008 |
240226s2004 xo oa grfn 001 0 cze |
| 015 |
|
|
|a SNBA2004/08-04380
|
| 020 |
|
|
|a 8089179045
|q (brožované)
|
| 035 |
|
|
|a SNK000432488
|
| 035 |
|
|
|a urn:nbn:sk:snk-am3j2rn
|
| 035 |
|
|
|a ED1A847A-DEA8-421A-8ACD-17C828C60FFA
|
| 035 |
|
|
|a urn:nbn:sk:snk-am00gfx3
|
| 040 |
|
|
|a SNK
|b slo
|c SNK
|e AACR2
|
| 041 |
1 |
|
|a cze
|h eng
|
| 044 |
|
|
|a xo
|c SK
|
| 072 |
|
7 |
|a 615
|x Farmácia. Farmakológia
|2 konspekt
|
| 080 |
|
|
|a 615.8.015.32
|2 2001
|
| 080 |
|
|
|a (035)
|2 2011
|
| 100 |
1 |
|
|a Lockie, Andrew,
|d 1947-2004
|4 aut
|9 610903
|
| 240 |
1 |
0 |
|a Homeopathy handbook
|l Česky
|
| 245 |
1 |
0 |
|a Homeopatie
|c Andrew Lockie ; [z anglického originálu Homeopathy handbook přeložila Kateŕina Orlová]
|
| 250 |
|
|
|a 1. vyd.
|
| 260 |
|
|
|a Bratislava
|b Noxi
|c 2004
|
| 300 |
|
|
|a 128 strán
|b fotografie (prevažne farebné), ilustrácie, tabuľky
|c 22 cm
|
| 490 |
1 |
|
|a Přírodní léčba
|
| 500 |
|
|
|a Farebná fotografia na frontispice a titulnej strane
|
| 504 |
|
|
|a Obsahuje register
|
| 650 |
0 |
7 |
|a homeopatia
|2 SNKPH
|9 1144
|
| 655 |
|
7 |
|a príručky
|2 SNKPH
|9 74364
|
| 700 |
1 |
|
|a Orlová, Kateřina,
|d 1960-
|4 trl
|9 355989
|
| 830 |
|
0 |
|a Přírodní léčba
|9 610904
|
| 919 |
|
|
|a 80-89179-04-5
|
| 958 |
|
|
|a OND
|
| 968 |
|
|
|a TL
|
| 968 |
|
|
|a NB
|
| 968 |
|
|
|a OP
|
| 999 |
|
|
|c 938035
|d 939965
|
| 952 |
|
|
|t P60, <03>, [BOOK], {603}
|a SNK
|b SNK
|y PREZ
|7 0
|p 17A0434691
|o snkSC 116291
|i snkKSP 8276/2004
|0 0
|1 0
|4 0
|d 2004-06-23
|f 1
|l 0
|r 2025-10-16 00:00:00
|w 2026-02-24
|
| 952 |
|
|
|t P60, <04>, [BOOK], {604}
|a SNK
|b SNK
|y VYP
|7 0
|p 17A0434692
|o snkSC 116291 D1
|i snkKSP 8277/2004
|0 0
|1 0
|4 0
|d 2004-06-23
|l 0
|r 2005-01-02 00:00:00
|w 2026-02-24
|